| 000 | 01230cam a2200337 a 4500 | ||
|---|---|---|---|
| 001 | 6160498 | ||
| 003 | OCoLC | ||
| 005 | 20190830155531.0 | ||
| 008 | 061116s2006 mnua b 001 0 spa | ||
| 010 | _a2005015616 | ||
| 020 | _a0736873511 (hbk.) | ||
| 020 | _a9780736873512 (hbk.) | ||
| 040 |
_aLD4 _cLD4 _dSPP _dBTCTA _dOCLCQ _dTEF _dBAKER _dXY4 |
||
| 041 | 1 |
_aspa _heng |
|
| 050 | 4 |
_aHN49.C6 _bR5618 2006 |
|
| 100 | 1 | _aRing, Susan. | |
| 240 | 1 | 0 |
_aHelping hands. _lSpanish. |
| 245 | 1 | 0 |
_aVamos a ayudar! / _cpor Susan Ring ; consultant, Dwight Herold ; [adapted translation, Gloria Ramos]. |
| 260 |
_aBloomington, Minn. : _bRed Brick Learning : _bCapstone Press, _cc2006. |
||
| 300 |
_a17 p. : _bcol. ill. ; _c21 cm. |
||
| 440 | 0 |
_aLibros sombrilla amarilla para lectores principiantes. _nNivel A, _pCiencias sociales. |
|
| 500 | _aIncludes index. | ||
| 520 | _aDescribes various ways that people can help eachother in a community. | ||
| 650 | 0 |
_aCommunity development _vJuvenile literature. |
|
| 650 | 0 | _aSpanish language materials. | |
| 650 | 0 |
_aBilingual books _xSpanish and English. |
|
| 650 | 1 |
_aSpanish language _vChildren's books. |
|
| 650 | 1 | _aCommunity development. | |
| 700 | 1 | _aRamos, Gloria. | |
| 942 | _cBK | ||
| 999 |
_c23281 _d23281 |
||